<?xml version="1.0" encoding="UTF-8"?>
<record
    xmlns:xsi="http://www.w3.org/2001/XMLSchema-instance"
    xsi:schemaLocation="http://www.loc.gov/MARC21/slim http://www.loc.gov/standards/marcxml/schema/MARC21slim.xsd"
    xmlns="http://www.loc.gov/MARC21/slim">

  <leader>01909nam a22002777a 4500</leader>
  <datafield tag="999" ind1=" " ind2=" ">
    <subfield code="c">22003</subfield>
    <subfield code="d">22003</subfield>
  </datafield>
  <controlfield tag="003">AR-CdUCM</controlfield>
  <controlfield tag="008">190425b           ||||| |||| 00| 0 spa d</controlfield>
  <datafield tag="040" ind1=" " ind2=" ">
    <subfield code="a">MUNICIPALIDAD PROVINCIAL DEL CUSCO</subfield>
    <subfield code="c">BIBLIOTECA MUNICIPAL DEL CUSCO</subfield>
  </datafield>
  <datafield tag="082" ind1=" " ind2=" ">
    <subfield code="a">Hist.Ecle/N&#xB0;4/1995</subfield>
  </datafield>
  <datafield tag="110" ind1=" " ind2=" ">
    <subfield code="a">Instituto Peruano de Historia Eclesi&#xE1;stica</subfield>
    <subfield code="9">47113</subfield>
  </datafield>
  <datafield tag="245" ind1=" " ind2=" ">
    <subfield code="a">Revista peruana de Historia Eclesi&#xE1;stica /</subfield>
    <subfield code="c">Instituto Peruano de Historia Eclesi&#xE1;stica</subfield>
  </datafield>
  <datafield tag="260" ind1=" " ind2=" ">
    <subfield code="a">Lima.</subfield>
    <subfield code="b">Servicio copias Gr&#xE1;ficas,</subfield>
    <subfield code="c">1995.</subfield>
  </datafield>
  <datafield tag="300" ind1=" " ind2=" ">
    <subfield code="a">262 p&#xE1;ginas. :</subfield>
    <subfield code="c">22 cm.</subfield>
  </datafield>
  <datafield tag="440" ind1=" " ind2=" ">
    <subfield code="a">Revista peruana de Historia Eclesi&#xE1;stica.</subfield>
    <subfield code="n">N&#xB0;4,1995.</subfield>
    <subfield code="9">47123</subfield>
  </datafield>
  <datafield tag="505" ind1=" " ind2=" ">
    <subfield code="a">Contenido: Alonso de la Cueva Ponce de Le&#xF3;n historiador de la Iglesia peruana. Guillermo Lohmann Villena. -- Don Feliciano de Vega 1580-1639, criollo jurista, maestro y prelado. Jos&#xE9; Dammert Bellido. -- Fray V&#xED;ctor M Barriga, mercedario 1891-1955. F&#xE9;lix Denegri Luna. -- Antonio Ruiz de Montoya. Armando Nieto V&#xE9;lez. -- Tres cronistas franciscanos siglos XVII-XVIII. Federico Richter. -- El matem&#xE1;tico fray Manuel Ayala y su biblioteca. Horacio Villanueva Urteaga. -- Fray Fernando de Velarde 1594-1658. Benigno Ayarra. -- Fray Gonzalo Tenorio y sus teor&#xED;as escatol&#xF3;gicas sobre el Nuevo Mundo 1602-1682. Juli&#xE1;n Heras. -- Melchor de Talamantes precursor de la independencia de M&#xE9;xico. Severo Aparicio. -- Ventura Travada y C&#xF3;rdoba. Alejandro M&#xE1;laga y Dr. Eusebio Quiroz. -- Juan Espinoza Medrano. Jorge Escobar Medrano. -- Juan Mel&#xE9;ndez Ram&#xED;rez cronista dominico 1633-1710. Guillermo &#xC1;lvarez Perca.</subfield>
  </datafield>
  <datafield tag="650" ind1=" " ind2=" ">
    <subfield code="a">Historia eclesi&#xE1;stica</subfield>
    <subfield code="9">42856</subfield>
  </datafield>
  <datafield tag="650" ind1=" " ind2=" ">
    <subfield code="a">Educaci&#xF3;n colonial</subfield>
    <subfield code="9">25888</subfield>
  </datafield>
  <datafield tag="650" ind1=" " ind2=" ">
    <subfield code="a">Historia del Cusco</subfield>
    <subfield code="9">1714</subfield>
  </datafield>
  <datafield tag="650" ind1=" " ind2=" ">
    <subfield code="a">Religi&#xF3;n cat&#xF3;lica</subfield>
    <subfield code="9">47116</subfield>
  </datafield>
  <datafield tag="650" ind1=" " ind2=" ">
    <subfield code="a">Evangelizaci&#xF3;n</subfield>
    <subfield code="9">47119</subfield>
  </datafield>
  <datafield tag="700" ind1=" " ind2=" ">
    <subfield code="a">Lohman Villena, Guillermo</subfield>
    <subfield code="9">47117</subfield>
  </datafield>
  <datafield tag="700" ind1=" " ind2=" ">
    <subfield code="a">Richter,  Federico</subfield>
    <subfield code="9">47120</subfield>
  </datafield>
  <datafield tag="700" ind1=" " ind2=" ">
    <subfield code="a">Dammert, Jos&#xE9;</subfield>
    <subfield code="9">47121</subfield>
  </datafield>
  <datafield tag="942" ind1=" " ind2=" ">
    <subfield code="2">ddc</subfield>
    <subfield code="c">PP</subfield>
  </datafield>
  <datafield tag="945" ind1=" " ind2=" ">
    <subfield code="a">rac</subfield>
  </datafield>
  <datafield tag="952" ind1=" " ind2=" ">
    <subfield code="0">0</subfield>
    <subfield code="2">ddc</subfield>
    <subfield code="4">0</subfield>
    <subfield code="7">0</subfield>
    <subfield code="a">HEM</subfield>
    <subfield code="b">HEM</subfield>
    <subfield code="c">CART</subfield>
    <subfield code="d">2022-02-03</subfield>
    <subfield code="g">10.00</subfield>
    <subfield code="o">Hist.Ecle/N&#xB0;4/1995</subfield>
    <subfield code="p">REVC000527</subfield>
    <subfield code="r">2022-02-03</subfield>
    <subfield code="y">PP</subfield>
  </datafield>
</record>
